Equipes de Football de Ligue 1 1989-90 - Statistiques

Statistiques générales
  • Ce quiz a été pris 88 fois
  • Le résultat moyen est 15 sur 20
Statistiques - réponses
# Équipe Pts % Correct
1. Olympique Marseille 54
99%
5. Paris Saint-Germain 42
99%
2. Girondins de Bordeaux 51
96%
17. Lille OSC 33
96%
8. Olympique Lyonnais 38
96%
7. FC Nantes 40
95%
15. AS Saint-Étienne 34
91%
18. OGC Nice 31
89%
13. Montpellier HSC 34
88%
9. Toulouse FC 38
88%
3. AS Monaco 46
83%
14. FC Metz 34
82%
6. AJ Auxerre 41
76%
4. FC Sochaux-Montbéliard 43
74%
16. SM Caen 34
67%
10. Stade Brestois 38
67%
11. AS Cannes 36
57%
12. SC Toulon 35
49%
19. Racing CFF 30
17%
20. FC Mulhouse 28
16%
Aucun quiz correspondant
Distribution des résultats
% des personnes avec chaque résultat
Percentile par nombre de réponses
Votre historique - résultats
Vous n’avez pas pris ce quiz